| 000 | 01087nam a2200277 i 4500 | ||
|---|---|---|---|
| 001 | 106425 | ||
| 003 | ES-MaACL | ||
| 005 | 20250912063047.0 | ||
| 007 | t| | ||
| 008 | 061114s1964 sp ||||1| spa d | ||
| 080 | _a75 Zabaleta, Rafael (083.82) | ||
| 100 |
_aZabaleta, Rafael, _d1907-1960 _9233552 |
||
| 245 | 1 | 0 |
_aZabaleta _b: [exposición, Sala de Santa Catalina del Ateneo de Madrid, 29 de marzo-20 de abril de 1965] / _c[textos: Eugenio d'Ors... et al.]. |
| 260 |
_a[Madrid] : _bPublicaciones Españolas, _c[1964] |
||
| 300 |
_a[44] p. : _bil. ; _c28 cm. |
||
| 490 | 1 |
_aCuadernos de arte. Colección ordinaria ; _v181 |
|
| 600 | 0 |
_aZabaleta, Rafael, _d1907-1960 _9233552 |
|
| 610 | 2 | 7 |
_aAteneo de Madrid- _vExposiciones- _y1960-1969. _91920 |
| 655 | 7 |
_2tgfbne _9193628 _aCatálogos de exposiciones |
|
| 700 | 1 |
_aOrs, Eugenio d', _d1881-1954 _987358 |
|
| 710 | 2 |
_aAteneo de Madrid. _bSala de Santa Catalina. _91964 |
|
| 830 | 0 |
_aCuadernos de arte. Colección ordinaria _v181 _9180064 |
|
| 852 |
_aES-MaACL _jG-13302(12) |
||
| 942 | _2udc | ||
| 999 |
_c106425 _d106425 |
||